[Event "Austin AGCA IM"]
[Site "Austin"]
[Date "2024.01.12"]
[Round "2"]
[White "Lee, Megan Shuen Hui"]
[Black "Petenyi, Tamas"]
[Result "1-0"]
[WhiteElo "2267"]
[BlackElo "2309"]
[PlyCount "53"]
[EventDate "2024.01.11"]
[EventType "tourn"]
[EventRounds "9"]
[EventCountry "USA"]
[SourceTitle "CB04_2024"]
[SourceDate "2023.10.16"]
[SourceVersion "1"]
[SourceVersionDate "2023.10.16"]
[SourceQuality "1"]

1. e4 e5 2. Nf3 Nc6 3. Bc4 Bc5 4. 0-0 Nf6 5. d3 d6 6. c3 a6 7. a4 Ba7 8. Re1 h6 9. h3 0-0 10. Nbd2 Kh8 11. Nf1 Nh7 12. d4 f5 13. dxe5 fxe4 14. Rxe4 Bf5 15. Re1 Nxe5 16. Nxe5 Qh4 17. g3 Qf6 18. Nf3 Bxh3 19. N1h2 Ng5 20. Bxg5 hxg5 21. Qd2 Bg4 22. Nd4 Bd7 23. Re2 b5 24. Bd5 Rae8 25. Rxe8 Bxe8 26. axb5 Qe5 27. Bg2 1-0

[Event "US Masters op"]
[Site "Charlotte"]
[Date "2023.11.23"]
[Round "2"]
[White "Dudin, Gleb"]
[Black "Petenyi, Tamas"]
[Result "1-0"]
[WhiteElo "2537"]
[BlackElo "2308"]
[PlyCount "69"]
[EventDate "2023.11.22"]
[EventType "swiss"]
[EventRounds "9"]
[EventCountry "USA"]
[SourceTitle "CB48_2023"]
[SourceDate "2023.11.29"]
[SourceVersion "1"]
[SourceVersionDate "2023.11.29"]
[SourceQuality "1"]

1. d4 Nf6 2. c4 g6 3. Nc3 Bg7 4. e4 d6 5. Be2 c6 6. Nf3 0-0 7. 0-0 Bg4 8. Be3 Bxf3 9. Bxf3 Nbd7 10. b4 e5 11. d5 c5 12. a3 b6 13. Qd3 Ne8 14. Bd1 f5 15. Ba4 f4 16. Bd2 f3 17. g3 cxb4 18. axb4 a5 19. Rfb1 Nef6 20. Bc6 Rc8 21. Nb5 axb4 22. Bxb4 Nc5 23. Bxc5 bxc5 24. Qxf3 h5 25. Qe2 Bh6 26. Rb3 Ng4 27. Rf1 Nf6 28. Ra3 h4 29. Ra6 Rb8 30. Ra7 Qc8 31. Bd7 Nxd7 32. Nxd6 Qd8 33. Qg4 Qg5 34. Qxd7 Rf3 35. Qh7+ 1-0

[Event "Saint Louis 1000 IM 01"]
[Site "Saint Louis"]
[Date "2023.01.25"]
[Round "1.4"]
[White "Lee, Alice"]
[Black "Petenyi, Tamas"]
[Result "1-0"]
[WhiteElo "2300"]
[BlackElo "2358"]
[PlyCount "117"]
[EventDate "2023.01.25"]
[EventType "schev"]
[EventRounds "9"]
[EventCountry "USA"]
[SourceTitle "CBM 212 Extra"]
[Source "ChessBase"]
[SourceDate "2023.03.31"]
[SourceVersion "1"]
[SourceVersionDate "2023.03.31"]
[SourceQuality "1"]
[WhiteTeam "Team C"]
[BlackTeam "Team D"]
[WhiteTeamCountry "USA"]
[BlackTeamCountry "USA"]

1. d4 Nf6 2. c4 Nc6 3. Nf3 d6 4. Nc3 Bg4 5. d5 Nb8 6. h3 Bxf3 7. gxf3 g6 8. e4 Bg7 9. f4 Nbd7 10. Be3 0-0 11. h4 c6 12. Be2 Qa5 13. Kf1 cxd5 14. cxd5 b5 15. Bxb5 Rab8 16. Qe2 Rfc8 17. a4 Nc5 18. e5 Nh5 19. Rd1 a6 20. Bc6 Qb4 21. Rd4 Qxb2 22. Qxb2 Rxb2 23. Rd1 Nb3 24. exd6 exd6 25. Ne4 Bf8 26. Kg2 Na5 27. Rc1 Rb4 28. Kf3 Nb3 29. Rcd1 Na5 30. Rc1 Nb3 31. Rcd1 Na5 32. Rb1 Rxb1 33. Rxb1 Nxc6 34. dxc6 Rxc6 35. Rb8 f6 36. a5 d5 37. Nc5 Kf7 38. Rb7+ Ke8 39. Na4 d4 40. Bd2 Ng7 41. Rb8+ Kf7 42. Rb6 Rc2 43. Ke2 Ne6 44. Kd3 Ra2 45. Nb2 Ra3+ 46. Kc4 Ra2 47. Rb7+ Ke8 48. Kd5 Nc5 49. Rb8+ Kf7 50. Nc4 Na4 51. Rb7+ Kg8 52. Kxd4 Bc5+ 53. Kd5 Bxf2 54. f5 Bxh4 55. Bh6 Nc3+ 56. Ke6 Re2+ 57. Ne3 Bg3 58. Rg7+ Kh8 59. Kf7 1-0

[Event "Pan American Intercollegiate-chT"]
[Site "Seattle"]
[Date "2023.01.07"]
[Round "5"]
[White "Petenyi, Tamas"]
[Black "Zinski, Maximilian"]
[Result "1-0"]
[WhiteElo "2358"]
[BlackElo "2046"]
[PlyCount "55"]
[EventDate "2023.01.05"]
[EventType "team-swiss"]
[EventRounds "6"]
[EventCountry "USA"]
[SourceTitle "CBM 212 Extra"]
[Source "ChessBase"]
[SourceDate "2023.03.31"]
[SourceVersion "1"]
[SourceVersionDate "2023.03.31"]
[SourceQuality "1"]
[WhiteTeam "Texas Rio Grande Valley Univ II"]
[BlackTeam "Chicago Univ"]
[WhiteTeamCountry "USA"]
[BlackTeamCountry "USA"]

1. e4 e5 2. Nf3 Nc6 3. Bb5 Bc5 4. c3 Nf6 5. Qe2 0-0 6. d3 d6 7. Bg5 a6 8. Ba4 b5 9. Bb3 h6 10. Bh4 Qe7 11. Nbd2 Nd8 12. d4 exd4 13. cxd4 Bb4 14. e5 dxe5 15. dxe5 g5 16. Bg3 Re8 17. 0-0 Bf5 18. Nd4 Bg6 19. Qf3 Ra7 20. Rad1 Nh5 21. Ne4 Ng7 22. Nf6+ Kh8 23. Nxe8 Qxe8 24. e6 c5 25. exf7 Nxf7 26. Qf6 Bh5 27. Nf5 Qf8 28. Rd8 1-0

[Event "Charlotte CCCSA Fall IM-D"]
[Site "Charlotte"]
[Date "2022.11.22"]
[Round "9"]
[White "Petenyi, Tamas"]
[Black "Eidelman, Gabriel"]
[Result "1-0"]
[WhiteElo "2410"]
[BlackElo "2197"]
[PlyCount "85"]
[EventDate "2022.11.18"]
[EventType "tourn"]
[EventRounds "9"]
[EventCountry "USA"]
[SourceTitle "CBM 211 Extra"]
[Source "ChessBase"]
[SourceDate "2023.01.31"]
[SourceVersion "1"]
[SourceVersionDate "2023.01.31"]
[SourceQuality "1"]

1. Nf3 d5 2. c4 e6 3. g3 Nf6 4. Bg2 Be7 5. 0-0 0-0 6. b3 d4 7. Bb2 c5 8. b4 Re8 9. d3 Nbd7 10. bxc5 e5 11. c6 bxc6 12. Nbd2 Bb7 13. Rb1 Qc7 14. Qc2 c5 15. e4 Bc6 16. h3 Rab8 17. Bc1 Rxb1 18. Qxb1 Ba4 19. Nb3 Rb8 20. Bd2 Rb7 21. Qb2 Nb8 22. Qa3 Bxb3 23. axb3 Nc6 24. Ra1 Qb6 25. Qa4 Nd7 26. h4 Ndb8 27. Nxe5 Nxe5 28. Qe8+ Bf8 29. Qxe5 Qxb3 30. Qd5 Rd7 31. Qa8 Qb2 32. Rd1 Qc2 33. Bf3 Qxd3 34. Kg2 Qb3 35. Bf4 Na6 36. Ra1 Nb4 37. Bg4 f5 38. Bxf5 Nd3 39. Be6+ Rf7 40. Bxf7+ Kxf7 41. Qd5+ Ke8 42. Qe6+ Kd8 43. Rxa7 1-0

[Event "Charlotte CCCSA Fall IM-D"]
[Site "Charlotte"]
[Date "2022.11.19"]
[Round "3"]
[White "Petenyi, Tamas"]
[Black "Liu, Eric"]
[Result "1-0"]
[WhiteElo "2410"]
[BlackElo "2182"]
[PlyCount "143"]
[EventDate "2022.11.18"]
[EventType "tourn"]
[EventRounds "9"]
[EventCountry "USA"]
[SourceTitle "CBM 211 Extra"]
[Source "ChessBase"]
[SourceDate "2023.01.31"]
[SourceVersion "1"]
[SourceVersionDate "2023.01.31"]
[SourceQuality "1"]

1. e4 c5 2. Nf3 d6 3. d4 cxd4 4. Nxd4 Nf6 5. Nc3 a6 6. Bg5 Nbd7 7. Qe2 h6 8. Bh4 g6 9. 0-0-0 e5 10. Nb3 Qc7 11. Qc4 Qxc4 12. Bxc4 Be7 13. Bxf6 Nxf6 14. Nd5 Nxd5 15. Bxd5 Ra7 16. Rd3 0-0 17. Rhd1 Bd8 18. Kb1 Kg7 19. f3 b6 20. Nd2 b5 21. a3 Bb6 22. Ba2 Rd8 23. Nf1 Rad7 24. Ng3 a5 25. b4 axb4 26. axb4 Ra7 27. Ne2 Ra4 28. Rxd6 Rxd6 29. Rxd6 Rxb4+ 30. Bb3 Bd4 31. Ka2 Be6 32. Bxe6 fxe6 33. c3 Ra4+ 34. Kb2 Ba7 35. Rxe6 b4 36. Kb3 Ra3+ 37. Kxb4 Ra2 38. Nc1 Rb2+ 39. Ka3 Rc2 40. Re7+ Kf6 41. Rxa7 Rxc1 42. Kb3 Rb1+ 43. Kc4 Rb2 44. Ra6+ Kf7 45. Kd5 Rxg2 46. Kxe5 Rg5+ 47. Kf4 Rc5 48. Ra3 Ke6 49. Ke3 Rh5 50. Ra6+ Kf7 51. Ra2 Rh3 52. Kf4 Rh5 53. c4 Rc5 54. Rc2 Ke6 55. Ke3 Ra5 56. f4 Kd6 57. Kd4 Ra1 58. c5+ Kc6 59. Ke5 Re1 60. f5 gxf5 61. Kxf5 Rf1+ 62. Ke6 h5 63. e5 h4 64. Ke7 h3 65. e6 Rf5 66. Rc3 Rf2 67. Rxh3 Kxc5 68. Kd7 Rd2+ 69. Ke8 Kd6 70. e7 Rf2 71. Kd8 Ra2 72. Rh6+ 1-0

[Event "Charlotte CCCSA Fall IM-D"]
[Site "Charlotte"]
[Date "2022.11.19"]
[Round "4"]
[White "Willy, Stephen"]
[Black "Petenyi, Tamas"]
[Result "0-1"]
[WhiteElo "2159"]
[BlackElo "2410"]
[PlyCount "92"]
[EventDate "2022.11.18"]
[EventType "tourn"]
[EventRounds "9"]
[EventCountry "USA"]
[SourceTitle "CBM 211 Extra"]
[Source "ChessBase"]
[SourceDate "2023.01.31"]
[SourceVersion "1"]
[SourceVersionDate "2023.01.31"]
[SourceQuality "1"]

1. e4 g6 2. d4 Bg7 3. Nc3 d6 4. f4 Nf6 5. Nf3 0-0 6. Be3 c6 7. h3 b5 8. a3 Nbd7 9. e5 Ne8 10. h4 Nb6 11. h5 Nc7 12. Bd3 Nc4 13. Bc1 dxe5 14. dxe5 Ne6 15. Qe2 Nd4 16. Qf2 Nxf3+ 17. Qxf3 Bd7 18. Qg3 Be8 19. Ne4 h6 20. hxg6 fxg6 21. Nf2 g5 22. fxg5 h5 23. Bxc4+ bxc4 24. Bd2 Bg6 25. Qe3 Qd5 26. 0-0 Qxe5 27. Qh3 Qf5 28. Qe3 Qe5 29. Qh3 Qxb2 30. Qe6+ Kh7 31. Qxc4 Qxc2 32. Qxc2 Bxc2 33. Rac1 Ba4 34. Rfe1 Rae8 35. Re4 Bb3 36. Bb4 Bd5 37. Rxe7 Rxe7 38. Bxe7 Rf5 39. Rd1 Kg6 40. Bc5 Rxg5 41. Bxa7 Rxg2+ 42. Kf1 Rg3 43. Bc5 Bg2+ 44. Kg1 Bf3+ 45. Kh2 Be5 46. Rh1 Rg4+ 0-1

[Event "Hollywood Masters op"]
[Site "Los Angeles"]
[Date "2022.10.28"]
[Round "5"]
[White "Chen, Ryo"]
[Black "Petenyi, Tamas"]
[Result "1-0"]
[WhiteElo "2269"]
[BlackElo "2421"]
[PlyCount "93"]
[EventDate "2022.10.26"]
[EventType "swiss"]
[EventRounds "9"]
[EventCountry "USA"]
[SourceTitle "EXT 2024"]
[Source "ChessBase"]
[SourceDate "2023.10.10"]
[SourceVersion "1"]
[SourceVersionDate "2023.10.10"]
[SourceQuality "1"]

1. e4 c5 2. Nf3 d6 3. d4 cxd4 4. Nxd4 Nf6 5. Nc3 a6 6. Be2 e6 7. 0-0 Be7 8. a4 Nc6 9. Be3 0-0 10. f4 Bd7 11. Nb3 Nb4 12. a5 Bc6 13. Bf3 Rc8 14. Qe2 e5 15. Rad1 Qc7 16. f5 Qb8 17. g4 d5 18. exd5 e4 19. dxc6 exf3 20. Qxf3 Nxc2 21. Bb6 Rxc6 22. g5 Bd6 23. gxf6 Bxh2+ 24. Kg2 Rxf6 25. Ne4 Rh6 26. Rf2 Be5 27. Ng3 Rc8 28. Rfd2 Bf6 29. Nc5 Nd4 30. Rxd4 Bxd4 31. Rxd4 Qe5 32. Qd3 Qe8 33. Rd8 Rxd8 34. Qxd8 Qxd8 35. Bxd8 Rc6 36. Bb6 g6 37. b4 h5 38. fxg6 Rxg6 39. Kh3 Rg4 40. Nxb7 Rxb4 41. Nc5 Kh7 42. Nxa6 Ra4 43. Nc7 h4 44. Ne2 Kg6 45. a6 Kh5 46. a7 Ra3+ 47. Kh2 1-0

[Event "Hollywood Masters op"]
[Site "Los Angeles"]
[Date "2022.10.26"]
[Round "2"]
[White "Petenyi, Tamas"]
[Black "Kretchetov, Alexandre"]
[Result "1/2-1/2"]
[WhiteElo "2421"]
[BlackElo "2170"]
[PlyCount "85"]
[EventDate "2022.10.26"]
[EventType "swiss"]
[EventRounds "9"]
[EventCountry "USA"]
[SourceTitle "EXT 2024"]
[Source "ChessBase"]
[SourceDate "2023.10.10"]
[SourceVersion "1"]
[SourceVersionDate "2023.10.10"]
[SourceQuality "1"]

1. e4 e5 2. Nf3 Nc6 3. Bb5 g6 4. c3 a6 5. Ba4 d6 6. d4 Bd7 7. d5 Nce7 8. Bxd7+ Qxd7 9. 0-0 Bg7 10. c4 h6 11. Nc3 f5 12. Ne1 Nf6 13. f3 c5 14. dxc6 Qxc6 15. Qd3 Rc8 16. Be3 0-0 17. Nc2 Qxc4 18. Qxd6 Nc6 19. exf5 gxf5 20. Bb6 Qf7 21. Rad1 Rfe8 22. Qd3 Qg6 23. Nd5 Nxd5 24. Qxd5+ Kh7 25. Qb3 Re7 26. Ne3 Nd4 27. Bxd4 exd4 28. Nd5 Ree8 29. Rfe1 Qd6 30. Ne3 Qc5 31. Nd5 d3+ 32. Kf1 Rxe1+ 33. Rxe1 Qc2 34. Nf4 d2 35. Rd1 Qxb3 36. axb3 Rc2 37. Ke2 Rxb2 38. Rxd2 Rxb3 39. Rd7 Kg8 40. Rd8+ Kf7 41. Rd7+ Kg8 42. Rd8+ Kf7 43. Rd7+ 1/2-1/2

[Event "Texas Collegiate Super Finals"]
[Site "Richardson"]
[Date "2022.10.23"]
[Round "4"]
[White "Petenyi, Tamas"]
[Black "Escalante Ramirez, Brian Sebastian"]
[Result "0-1"]
[WhiteElo "2421"]
[BlackElo "2473"]
[PlyCount "74"]
[EventDate "2022.10.22"]
[EventType "swiss"]
[EventRounds "4"]
[EventCountry "USA"]
[SourceTitle "EXT 2024"]
[Source "ChessBase"]
[SourceDate "2023.10.10"]
[SourceVersion "1"]
[SourceVersionDate "2023.10.10"]
[SourceQuality "1"]

1. c4 f5 2. g3 Nf6 3. Bg2 g6 4. Nc3 Bg7 5. e3 e5 6. Nge2 0-0 7. d3 c6 8. 0-0 Na6 9. a3 d5 10. cxd5 cxd5 11. b4 Be6 12. Bb2 Rc8 13. Nb5 Qb6 14. a4 Ne8 15. Nec3 d4 16. exd4 exd4 17. Nd5 Bxd5 18. Bxd5+ Kh8 19. Qb3 Nec7 20. Nxc7 Rxc7 21. b5 Nc5 22. Qd1 Qd6 23. Bf3 h5 24. Rc1 f4 25. Rc4 b6 26. g4 hxg4 27. Bxg4 f3 28. Kh1 Qf4 29. Rg1 Ne4 30. dxe4 Be5 31. Rg3 Rxc4 32. Qg1 Qxe4 33. Rh3+ Kg7 34. Be6 Rc2 35. Bc1 Rxc1 36. Qxc1 Bf4 37. Rh4 Qxe6 0-1

[Event "EU-ch 22nd"]
[Site "Terme Catez"]
[Date "2022.04.05"]
[Round "10"]
[White "Palczert, Matyas"]
[Black "Petenyi, Tamas"]
[Result "1-0"]
[WhiteElo "2284"]
[BlackElo "2451"]
[PlyCount "107"]
[EventDate "2022.03.27"]
[EventType "swiss"]
[EventRounds "11"]
[EventCountry "SLO"]
[SourceTitle "CBM 208"]
[Source "ChessBase"]
[SourceDate "2022.06.30"]
[SourceVersion "1"]
[SourceVersionDate "2022.06.30"]
[SourceQuality "1"]

1. e4 g6 2. d4 Bg7 3. Nf3 c6 4. Nc3 d6 5. a4 Bg4 6. Be2 Nd7 7. h3 Bxf3 8. Bxf3 Ngf6 9. 0-0 0-0 10. Be3 Qc7 11. Be2 Rfd8 12. Bc4 d5 13. exd5 Nb6 14. d6 exd6 15. Be2 Nbd5 16. Nxd5 Nxd5 17. Bg5 Re8 18. Bf3 Nb6 19. b3 a6 20. Qd2 Nd7 21. Rae1 Qb6 22. Be3 Nf6 23. Bf4 d5 24. a5 Qd8 25. Rxe8+ Nxe8 26. Qb4 Qd7 27. Re1 Bf8 28. Qd2 Bd6 29. Be5 f6 30. Bg4 f5 31. Bf3 Bxe5 32. dxe5 Nc7 33. c4 d4 34. Qd3 Ne6 35. b4 Rd8 36. g3 Kg7 37. c5 Qe7 38. Bd1 f4 39. Bb3 fxg3 40. fxg3 Nc7 41. e6 Nd5 42. Qxd4+ Qf6 43. Qxf6+ Nxf6 44. e7 Rd3 45. Be6 Rxg3+ 46. Kh2 Rd3 47. Bc8 Rd2+ 48. Kg1 Rd4 49. Bxb7 Rxb4 50. Bxc6 Rc4 51. Rf1 Rxc5 52. Rxf6 Re5 53. Rxg6+ Kf7 54. e8Q+ 1-0

[Event "EU-ch 22nd"]
[Site "Terme Catez"]
[Date "2022.03.28"]
[Round "2"]
[White "Stevic, Hrvoje"]
[Black "Petenyi, Tamas"]
[Result "0-1"]
[WhiteElo "2587"]
[BlackElo "2451"]
[PlyCount "250"]
[EventDate "2022.03.27"]
[EventType "swiss"]
[EventRounds "11"]
[EventCountry "SLO"]
[SourceTitle "CBM 208"]
[Source "ChessBase"]
[SourceDate "2022.06.30"]
[SourceVersion "1"]
[SourceVersionDate "2022.06.30"]
[SourceQuality "1"]

1. e4 d6 2. d4 Nf6 3. Nc3 g6 4. Nf3 Bg7 5. Be3 0-0 6. Qd2 Bg4 7. Ng5 Bd7 8. h3 c6 9. Bd3 b5 10. 0-0 Na6 11. a4 Nc7 12. axb5 cxb5 13. Ra5 a6 14. Rfa1 Bc6 15. d5 Bb7 16. Nf3 e6 17. dxe6 Nxe6 18. Bh6 Re8 19. Bxg7 Kxg7 20. b4 Rc8 21. Re1 d5 22. exd5 Nxd5 23. Be4 Rxc3 24. Bxd5 Rxf3 25. gxf3 Qxd5 26. Qxd5 Bxd5 27. Rxa6 Rc8 28. Re5 Bc4 29. Rd6 Ra8 30. h4 Ra2 31. Rd2 Rb2 32. Kh2 Rxb4 33. Kg3 Kf6 34. Re1 Ng7 35. Re4 Rb1 36. Rd6+ Be6 37. Rb6 Nf5+ 38. Kh2 Rb2 39. Kg2 Rxc2 40. Rxb5 Nd6 41. Rf4+ Nf5 42. Re4 Rc3 43. Rf4 Rd3 44. Kf1 Rd1+ 45. Kg2 Bd5 46. Rb6+ Ke5 47. Ra4 Nd4 48. Ra5 Rd3 49. Rb7 Nxf3 50. h5 Kf6 51. Rb6+ Kg7 52. hxg6 hxg6 53. Rd6 Nh4+ 54. Kh2 Be4 55. Rxd3 Bxd3 56. f4 Nf5 57. Kh3 Bf1+ 58. Kg4 Be2+ 59. Kh3 Bc4 60. Rc5 Be6 61. Kg2 Kf6 62. Ra5 Ne7 63. Kg3 Nd5 64. Kf3 Ne7 65. Kg3 Bd5 66. Kg4 Nf5 67. Ra6+ Kg7 68. Kg5 Nd4 69. Rd6 Ne6+ 70. Kg4 Bc4 71. Rd7 Kf6 72. Ra7 Be2+ 73. Kg3 Nd4 74. Ra5 Nf5+ 75. Kf2 Bd1 76. Ra6+ Kg7 77. Ra7 Bb3 78. Ra8 Nh6 79. Ra6 f5 80. Kg3 Ng8 81. Kh4 Nf6 82. Rb6 Bd1 83. Rb1 Be2 84. Rb2 Bg4 85. Rb8 Bh5 86. Ra8 Kf7 87. Ra7+ Ke6 88. Ra6+ Ke7 89. Ra7+ Nd7 90. Ra6 Nc5 91. Rb6 Ne4 92. Ra6 Nd6 93. Ra5 Kd7 94. Ra6 Ke6 95. Ra5 Nc4 96. Rb5 Nd2 97. Ra5 Kd6 98. Ra8 Ne4 99. Ra5 Nc5 100. Ra8 Kd5 101. Kg3 Kd4 102. Ra3 Ne4+ 103. Kh4 Nd2 104. Kg3 Ne4+ 105. Kh4 Nc3 106. Kg5 Ne2 107. Ra4+ Ke3 108. Ra3+ Kf2 109. Ra2 Ke3 110. Ra3+ Ke4 111. Ra8 Ng1 112. Ra4+ Kf3 113. Kh4 Kf2 114. Ra2+ Ne2 115. Kg5 Kg2 116. Rb2 Kf1 117. Rb1+ Kf2 118. Rb2 Ke3 119. Rb3+ Ke4 120. Rb4+ Nd4 121. Ra4 Ke3 122. Kh4 Bd1 123. Rb4 Nf3+ 124. Kg3 Nd2 125. Rb1 Nxb1 0-1

[Event "SVK-chT 2122"]
[Site "Slovakia"]
[Date "2022.03.13"]
[Round "6.1"]
[White "Petenyi, Tamas"]
[Black "Mihok, Oliver"]
[Result "0-1"]
[WhiteElo "2461"]
[BlackElo "2534"]
[PlyCount "92"]
[EventDate "2021.10.23"]
[EventType "team-tourn"]
[EventRounds "11"]
[EventCountry "SVK"]
[SourceTitle "EXT 2023"]
[Source "ChessBase"]
[SourceDate "2022.10.05"]
[SourceVersion "1"]
[SourceVersionDate "2022.10.05"]
[SourceQuality "1"]
[WhiteTeam "Dunajska Streda"]
[BlackTeam "Cebovce"]
[WhiteTeamCountry "SVK"]
[BlackTeamCountry "SVK"]

1. c4 g6 2. g3 Bg7 3. Bg2 d6 4. Nc3 e5 5. e3 Nf6 6. Nge2 0-0 7. 0-0 c6 8. d4 Re8 9. e4 exd4 10. Nxd4 Qb6 11. Nb3 Be6 12. Qxd6 Rd8 13. c5 Rxd6 14. cxb6 Nbd7 15. Bf4 Rd3 16. Nc1 Rd4 17. bxa7 Rc4 18. Re1 Nh5 19. Bd2 Rb4 20. Rb1 Rxa7 21. b3 Rb6 22. N3e2 Ra8 23. Be3 c5 24. Rd1 Rb5 25. f4 Nb6 26. Nd3 Rxa2 27. Nec1 Ra8 28. Nxc5 Nc4 29. Bd4 Bg4 30. Rd3 Bxd4+ 31. Rxd4 Na3 32. Ra1 Rxc5 33. Nd3 Rcc8 34. Ne5 Be6 35. f5 Nc2 36. Rxa8 Rxa8 37. Rd3 gxf5 38. exf5 Bxf5 39. Rc3 Nd4 40. Bxb7 Ra1+ 41. Kf2 Be6 42. g4 Nf6 43. Ke3 Nxb3 44. Bf3 Re1+ 45. Kf4 Nd4 46. g5 Ne2+ 0-1

[Event "CZE-chT 2122"]
[Site "Czech Republic"]
[Date "2022.02.27"]
[Round "12.3"]
[White "Mica, Marek"]
[Black "Petenyi, Tamas"]
[Result "0-1"]
[WhiteElo "2321"]
[BlackElo "2461"]
[PlyCount "92"]
[EventDate "2021.10.15"]
[EventType "team-tourn"]
[EventRounds "15"]
[EventCountry "CZE"]
[SourceTitle "EXT 2023"]
[Source "ChessBase"]
[SourceDate "2022.10.05"]
[SourceVersion "1"]
[SourceVersionDate "2022.10.05"]
[SourceQuality "1"]
[WhiteTeam "Frydek Mistek II"]
[BlackTeam "Kromeriz Slavia"]
[WhiteTeamCountry "CZE"]
[BlackTeamCountry "CZE"]

1. d4 c5 2. d5 d6 3. Nc3 g6 4. e4 Bg7 5. Nf3 a6 6. a4 Bg4 7. h3 Bxf3 8. Qxf3 Nd7 9. Bc4 Ne5 10. Qe2 Nxc4 11. Qxc4 Nf6 12. 0-0 0-0 13. Bf4 Nd7 14. Rae1 Qa5 15. Nd1 Nb6 16. Qb3 c4 17. Qf3 Qxa4 18. e5 Qxc2 19. exd6 exd6 20. Bxd6 Rfe8 21. Bc7 Nd7 22. d6 Rxe1 23. Rxe1 Qd2 24. Kf1 Ne5 25. Qxb7 Rf8 26. Qe4 Nd3 27. Qe3 Qxe1+ 28. Qxe1 Nxe1 29. Kxe1 f5 30. Ne3 Bxb2 31. Nxc4 Bf6 32. Kd2 Kf7 33. Kd3 Ke6 34. f4 Bd8 35. Nb6 Bh4 36. Kc4 Bf2 37. Nd5 Ra8 38. g4 a5 39. g5 a4 40. Nf6 a3 41. d7 Bd4 42. d8Q Rxd8 43. Bxd8 a2 44. Kxd4 a1Q+ 45. Kc5 Qc1+ 46. Kb6 Qxf4 0-1

[Event "SVK-chT 2122"]
[Site "Slovakia"]
[Date "2022.02.19"]
[Round "3.1"]
[White "Petenyi, Tamas"]
[Black "Pechac, Jergus"]
[Result "1/2-1/2"]
[WhiteElo "2461"]
[BlackElo "2544"]
[PlyCount "66"]
[EventDate "2021.10.23"]
[EventType "team-tourn"]
[EventRounds "11"]
[EventCountry "SVK"]
[SourceTitle "EXT 2023"]
[Source "ChessBase"]
[SourceDate "2022.10.05"]
[SourceVersion "1"]
[SourceVersionDate "2022.10.05"]
[SourceQuality "1"]
[WhiteTeam "Dunajska Streda"]
[BlackTeam "Zilina Mladost"]
[WhiteTeamCountry "SVK"]
[BlackTeamCountry "SVK"]

1. Nf3 d5 2. g3 Nc6 3. Bg2 e5 4. d3 Be6 5. 0-0 f6 6. Nc3 Nge7 7. e4 d4 8. Ne2 Qd7 9. c3 dxc3 10. bxc3 Ng6 11. d4 Bc4 12. Be3 Bd6 13. Re1 0-0 14. Nd2 Ba6 15. Nb3 b6 16. Rc1 Rad8 17. d5 Nce7 18. c4 c5 19. Nd2 Bc8 20. a4 Qc7 21. a5 Nf4 22. axb6 axb6 23. gxf4 exf4 24. Nxf4 Bxf4 25. Bxf4 Qxf4 26. Re3 Ng6 27. Rb1 Rd6 28. Rg3 Ne5 29. Qe2 Bd7 30. Qe3 Qh4 31. Nf3 Nxf3+ 32. Qxf3 Re8 33. Qc3 Re5 1/2-1/2

[Event "HUN-chT 2122"]
[Site "Hungary"]
[Date "2021.12.19"]
[Round "4.3"]
[White "Petenyi, Tamas"]
[Black "Ivic, Velimir"]
[Result "1/2-1/2"]
[WhiteElo "2458"]
[BlackElo "2620"]
[PlyCount "65"]
[EventDate "2021.10.10"]
[EventType "team-tourn"]
[EventRounds "9"]
[EventCountry "HUN"]
[SourceTitle "EXT 2023"]
[Source "ChessBase"]
[SourceDate "2022.10.05"]
[SourceVersion "1"]
[SourceVersionDate "2022.10.05"]
[SourceQuality "1"]
[WhiteTeam "Haladas"]
[BlackTeam "Ajka Sentimento"]
[WhiteTeamCountry "HUN"]
[BlackTeamCountry "HUN"]

1. e4 c5 2. Nf3 Nc6 3. Bb5 g6 4. Bxc6 bxc6 5. 0-0 Bg7 6. Re1 Qc7 7. h3 d6 8. c3 Nf6 9. e5 dxe5 10. Nxe5 0-0 11. d3 Nd5 12. Nf3 Bf5 13. Qe2 Rad8 14. Na3 e5 15. Nh4 Bc8 16. Be3 Rfe8 17. Rad1 e4 18. dxe4 Rxe4 19. Qd2 Bxh3 20. Bg5 Rxe1+ 21. Qxe1 f6 22. gxh3 fxg5 23. Qe6+ Kh8 24. Ng2 Rf8 25. Nc4 Nf4 26. Nxf4 Qxf4 27. Qe2 h5 28. Kg2 Qf7 29. a4 Kh7 30. Nd6 Qf4 31. Nc4 Qf7 32. Nd6 Qf4 33. Nc4 1/2-1/2

[Event "CZE-chT 2122"]
[Site "Czech Republic"]
[Date "2021.12.18"]
[Round "5.6"]
[White "Simacek, Pavel"]
[Black "Petenyi, Tamas"]
[Result "0-1"]
[WhiteElo "2444"]
[BlackElo "2461"]
[PlyCount "88"]
[EventDate "2021.10.15"]
[EventType "team-tourn"]
[EventRounds "15"]
[EventCountry "CZE"]
[SourceTitle "EXT 2023"]
[Source "ChessBase"]
[SourceDate "2022.10.05"]
[SourceVersion "1"]
[SourceVersionDate "2022.10.05"]
[SourceQuality "1"]
[WhiteTeam "Turnov Zikuda"]
[BlackTeam "Kromeriz Slavia"]
[WhiteTeamCountry "CZE"]
[BlackTeamCountry "CZE"]

1. d4 g6 2. c4 Bg7 3. e4 e6 4. Nf3 d5 5. Nc3 Ne7 6. Be3 dxe4 7. Nxe4 Nf5 8. Bg5 f6 9. Be3 0-0 10. h4 Nxe3 11. fxe3 f5 12. Nc5 Qe7 13. Nd3 Nd7 14. h5 g5 15. h6 Bf6 16. Qb3 g4 17. Nfe5 Nxe5 18. Nxe5 Bxe5 19. dxe5 Bd7 20. 0-0-0 Bc6 21. Qc3 Rad8 22. Rd4 Be4 23. Rh5 c5 24. Rd6 Kf7 25. Bd3 Bxg2 26. e4 fxe4 27. Qc2 Rxd6 28. exd6 Qxd6 29. Qxg2 Qxd3 30. Qxg4 Qxc4+ 31. Kb1 Ke8 32. Rh1 Rf1+ 33. Rxf1 Qxf1+ 34. Kc2 Qd3+ 35. Kc1 Qe3+ 36. Kc2 Qd3+ 37. Kc1 e3 38. Qh5+ Kd7 39. Qf7+ Kd6 40. Qf8+ Kc6 41. Qc8+ Kb6 42. Qxe6+ Ka5 43. a3 e2 44. b4+ Ka4 0-1

[Event "EU-chT 23rd"]
[Site "Terme Catez"]
[Date "2021.11.21"]
[Round "9.2"]
[White "Georgiadis, Nico"]
[Black "Petenyi, Tamas"]
[Result "1-0"]
[WhiteElo "2553"]
[BlackElo "2458"]
[PlyCount "114"]
[EventDate "2021.11.12"]
[EventType "team-swiss"]
[EventRounds "9"]
[EventCountry "SLO"]
[SourceTitle "CBM 205"]
[Source "ChessBase"]
[SourceDate "2021.12.31"]
[SourceVersion "1"]
[SourceVersionDate "2021.12.31"]
[SourceQuality "1"]
[WhiteTeam "Switzerland"]
[BlackTeam "Slovakia"]
[WhiteTeamCountry "SUI"]
[BlackTeamCountry "SVK"]

1. e4 e5 2. Nf3 Nc6 3. Bb5 Nge7 4. Nc3 Ng6 5. d4 exd4 6. Nxd4 Bc5 7. Nf5 0-0 8. Be3 Bxe3 9. Nxe3 d6 10. Qd2 a6 11. Bxc6 bxc6 12. g3 f5 13. exf5 Bxf5 14. f4 Rb8 15. 0-0-0 Qf6 16. Nxf5 Qxf5 17. Qd4 Qf7 18. Rhe1 Ne7 19. b3 Nf5 20. Qe4 Qh5 21. Qxc6 Qxh2 22. Qc4+ Kh8 23. g4 Nh6 24. f5 Qh4 25. Rg1 c5 26. Rxd6 Qg5+ 27. Kb2 Nxf5 28. Qxc5 Qe3 29. Qxe3 Nxe3 30. Rd3 Nc4+ 31. Kc1 Ne5 32. Re3 Nc6 33. g5 Rf2 34. Rge1 Kg8 35. R1e2 Rxe2 36. Rxe2 Kf7 37. Nd5 Nb4 38. Nxb4 Rxb4 39. c4 h5 40. gxh6 gxh6 41. Kc2 Rb6 42. c5 Rg6 43. b4 h5 44. a4 h4 45. Kd3 h3 46. b5 Rg2 47. Re5 h2 48. Rh5 axb5 49. axb5 Rg5 50. Rh7+ Ke6 51. Kc4 Rg4+ 52. Kb3 Kd5 53. Rh5+ Kd4 54. Kb4 Rg2 55. c6 Rb2+ 56. Ka5 Kc4 57. c7 Rxb5+ 1-0